Global Photographies (Record no. 93859)

MARC details
000 -LEADER
fixed length control field 01447nam a2200265Ii 4500
008 - FIXED-LENGTH DATA ELEMENTS--GENERAL INFORMATION
fixed length control field 221202s xx 000 0 und d
245 #0 - TITLE STATEMENT
Title Global Photographies
246 ## - VARYING FORM OF TITLE
Title proper/short title Memory : History : Archives
264 #1 - PRODUCTION, PUBLICATION, DISTRIBUTION, MANUFACTURE, AND COPYRIGHT NOTICE
Place of production, publication, distribution, manufacture Bielefeld, Germany
Name of producer, publisher, distributor, manufacturer transcript Verlag
Date of production, publication, distribution, manufacture, or copyright notice 2017
300 ## - PHYSICAL DESCRIPTION
Extent 1 online resource
336 ## - CONTENT TYPE
Content type term text
Content type code txt
Source rdacontent
337 ## - MEDIA TYPE
Media type term computer
Media type code c
Source rdamedia
338 ## - CARRIER TYPE
Carrier type term online resource
Carrier type code cr
Source rdacarrier
490 ## - SERIES STATEMENT
Series statement Image
520 ## - SUMMARY, ETC.
Summary, etc. How is photography connected to global practices? This is a first edited collection to trace the relationship between history, photography and memory in a global perspective on three interrelated levels: firstly, in the artistic and cultural production of pictures, secondly, in the decoding of colonial and contemporary photography, and thirdly, in collecting photographs in picture archives dealing with colonial and anthropological photography. The contributions sketch the contested field of (post-)colonial photography and trace the manifold intertwinements between historical and contemporary photographs.
653 ## - INDEX TERM--UNCONTROLLED
Uncontrolled term Globalization
653 ## - INDEX TERM--UNCONTROLLED
Uncontrolled term History
653 ## - INDEX TERM--UNCONTROLLED
Uncontrolled term History
653 ## - INDEX TERM--UNCONTROLLED
Uncontrolled term Memory
653 ## - INDEX TERM--UNCONTROLLED
Uncontrolled term Photography
700 1# - ADDED ENTRY--PERSONAL NAME
Personal name Helff, Sissy
700 1# - ADDED ENTRY--PERSONAL NAME
Personal name Michels, Stefanie
856 ## - ELECTRONIC LOCATION AND ACCESS
Uniform Resource Identifier <a href="https://docs.google.com/spreadsheets/d/1yKIrdCPDAG_9c22mwoOIO2DOhtj65Wqa/edit?usp=sharing&ouid=106555315294820607512&rtpof=true&sd=true ">https://docs.google.com/spreadsheets/d/1yKIrdCPDAG_9c22mwoOIO2DOhtj65Wqa/edit?usp=sharing&ouid=106555315294820607512&rtpof=true&sd=true </a>
Link text List of Curated E-Books
942 ## - ADDED ENTRY ELEMENTS (KOHA)
Koha item type E-Book

No items available.

University of Rizal System
Email us at univlibservices@urs.edu.ph

Visit our Website www.urs.edu.ph/library